00466nam a2200157Ia 4500008004100000020001500041082001600056100001800072245005100090250000800141260004200149300002700191500001900218600002100237650005000258240925s9999 xx 000 0 und d a8178082284 a005.133 BUD aBudd, Timothy 3aAn Introduction to Object Oriented Programming a2nd aSingapore:bPearson educationc,2001. axv,968p.bNAfOriginal aIncludes Index aComputer Science aComputer science, information & general works